| 000 | 00442nam a22001457a 4500 | ||
|---|---|---|---|
| 999 |
_c2864 _d2864 |
||
| 008 | 200317b ||||| |||| 00| 0 eng d | ||
| 082 | 0 | 0 |
_a914.2 _bH6779 |
| 110 |
_92472 _aCentral Office of Information, London. |
||
| 245 | 1 | 0 |
_aBritain, an official handbook _cby Central Office of Information, London |
| 260 |
_aLondon _bHis Majesty's Stationery Office _c1955 |
||
| 300 | _aix,438 p. | ||
| 365 | _d8.15 | ||
| 650 | 0 | _aGreat Britain | |
| 942 | _cBK | ||